[Event "EU-chT Seniors 50"]
[Site "Swidnica"]
[Date "2023.07.18"]
[Round "7.4"]
[White "Nordenbaek, Jan"]
[Black "Sielicki, Tomasz"]
[Result "1-0"]
[WhiteElo "2162"]
[BlackElo "1969"]
[PlyCount "101"]
[EventDate "2023.07.12"]
[EventType "team-tourn"]
[EventRounds "9"]
[EventCountry "POL"]
[SourceTitle "CBM 215 Extra"]
[Source "ChessBase"]
[SourceDate "2023.09.30"]
[SourceVersion "1"]
[SourceVersionDate "2023.09.30"]
[SourceQuality "1"]
[WhiteTeam "Denmark WriteUpp 50"]
[BlackTeam "Poland Amateurs 50"]
[WhiteTeamCountry "DEN"]
[BlackTeamCountry "POL"]

1. e4 c6 2. d4 d5 3. e5 c5 4. dxc5 e6 5. Be3 Nd7 6. Nf3 Nxc5 7. c4 Qa5+ 8. Qd2 Nb3 9. Qxa5 Nxa5 10. cxd5 Bb4+ 11. Bd2 Bxd2+ 12. Nbxd2 exd5 13. Bb5+ Bd7 14. Bxd7+ Kxd7 15. 0-0-0 Rc8+ 16. Kb1 f5 17. Nf1 Nc4 18. Rxd5+ Ke6 19. Ne3 Nxe3 20. Rd6+ Ke7 21. fxe3 Nh6 22. Rhd1 Rhd8 23. Rxd8 Rxd8 24. Rxd8 Kxd8 25. Kc2 Ke7 26. Kd3 Ng4 27. Kd4 Nf2 28. a4 h6 29. Nh4 Ke6 30. Ng6 Kf7 31. Nf4 g5 32. Nd5 Ke6 33. Nc7+ Kd7 34. Nb5 a6 35. Nd6 b5 36. axb5 axb5 37. Nxb5 Ke6 38. Na3 Ng4 39. Nc4 Nxh2 40. b4 h5 41. b5 Ng4 42. b6 Kd7 43. Kd5 f4 44. e6+ Kc8 45. exf4 gxf4 46. e7 Nf6+ 47. Ke6 Ne8 48. Nd6+ Kb8 49. Nxe8 f3 50. Nd6 fxg2 51. e8Q# 1-0

[Event "POL-ch Seniors"]
[Site "Szklarska Poreba"]
[Date "2022.05.17"]
[Round "6"]
[White "Sielicki, Tomasz"]
[Black "Kupryjaniuk, Tomasz"]
[Result "0-1"]
[WhiteElo "1943"]
[BlackElo "1827"]
[PlyCount "100"]
[EventDate "2022.05.13"]
[EventType "swiss"]
[EventRounds "9"]
[EventCountry "POL"]
[SourceTitle "EXT 2024"]
[Source "ChessBase"]
[SourceDate "2023.10.10"]
[SourceVersion "1"]
[SourceVersionDate "2023.10.10"]
[SourceQuality "1"]

1. d4 d5 2. Bg5 h6 3. Bh4 c5 4. dxc5 g5 5. Bg3 Bg7 6. c3 Na6 7. e3 Nxc5 8. Nd2 Nf6 9. Ngf3 Bg4 10. Bb5+ Bd7 11. Be2 Qb6 12. b4 Nce4 13. Be5 Nxf2 14. Bd4 Nxd1 15. Bxb6 Nxc3 16. Bd4 Nxe2 17. Kxe2 Bb5+ 18. Kf2 0-0 19. a4 Bd3 20. Ne5 Ne4+ 21. Nxe4 Bxe4 22. Rhc1 Rfc8 23. Nf3 Bxf3 24. Bxg7 Kxg7 25. gxf3 Kf6 26. Ke2 Ke5 27. Kd3 a6 28. h4 Rc6 29. hxg5 hxg5 30. b5 axb5 31. axb5 Rxa1 32. Rxa1 Rc5 33. Rb1 Kd6 34. f4 gxf4 35. exf4 Rc4 36. Ke3 f5 37. Rb2 b6 38. Kf3 Kc5 39. Re2 Re4 40. Rb2 Kc4 41. Rb1 d4 42. Rc1+ Kxb5 43. Rb1+ Kc5 44. Rc1+ Kd5 45. Rb1 Re3+ 46. Kf2 Ke4 47. Rxb6 Kxf4 48. Rb4 e5 49. Rb8 Ke4 50. Rd8 Ra3 0-1

[Event "Budapest FS02 Nadassy"]
[Site "Budapest"]
[Date "2022.02.08"]
[Round "4"]
[White "Sielicki, Tomasz"]
[Black "Hradeczky, Tamas"]
[Result "1-0"]
[WhiteElo "1895"]
[BlackElo "1884"]
[PlyCount "43"]
[EventDate "2022.02.05"]
[EventType "schev"]
[EventRounds "10"]
[EventCountry "HUN"]
[SourceTitle "EXT 2023"]
[Source "ChessBase"]
[SourceDate "2022.10.05"]
[SourceVersion "1"]
[SourceVersionDate "2022.10.05"]
[SourceQuality "1"]
[WhiteTeam "B Team Lower Elo"]
[BlackTeam "A Team Higher Elo"]
[WhiteTeamCountry "HUN"]
[BlackTeamCountry "HUN"]

1. d4 Nf6 2. Bf4 e6 3. Nf3 c5 4. e3 b6 5. c3 Bb7 6. Nbd2 Be7 7. Bd3 d6 8. Qe2 Nh5 9. Bg3 Nxg3 10. hxg3 g6 11. 0-0-0 Nd7 12. Kb1 Bf6 13. Ne4 Be7 14. g4 d5 15. Ng3 Qc7 16. Rh3 c4 17. Bc2 h6 18. e4 Qf4 19. e5 Qxg4 20. Rdh1 g5 21. Nh5 Qxg2 22. R3h2 1-0

[Event "Budapest FS02 Nadassy"]
[Site "Budapest"]
[Date "2022.02.05"]
[Round "1"]
[White "Farago, Sandor"]
[Black "Sielicki, Tomasz"]
[Result "1-0"]
[WhiteElo "2102"]
[BlackElo "1895"]
[PlyCount "61"]
[EventDate "2022.02.05"]
[EventType "schev"]
[EventRounds "10"]
[EventCountry "HUN"]
[SourceTitle "EXT 2023"]
[Source "ChessBase"]
[SourceDate "2022.10.05"]
[SourceVersion "1"]
[SourceVersionDate "2022.10.05"]
[SourceQuality "1"]
[WhiteTeam "A Team Higher Elo"]
[BlackTeam "B Team Lower Elo"]
[WhiteTeamCountry "HUN"]
[BlackTeamCountry "HUN"]

1. e4 c6 2. d4 d5 3. Nc3 dxe4 4. Nxe4 Nf6 5. Ng3 h5 6. h3 h4 7. N3e2 Bf5 8. Nf3 e6 9. Nf4 Nbd7 10. Bd3 Ne4 11. Qe2 Ndf6 12. c3 Be7 13. Qc2 Nd6 14. Bxf5 Nxf5 15. Bd2 Qc7 16. 0-0-0 0-0-0 17. Ng5 Nd6 18. Rhe1 Qd7 19. Nd3 Ng8 20. Qa4 b5 21. Qb3 Bxg5 22. Bxg5 Nf6 23. Nc5 Qc7 24. a4 Rh5 25. Bf4 Nd5 26. Bxd6 Rxd6 27. axb5 cxb5 28. Qxb5 Nb6 29. Qa6+ Kb8 30. Qe2 g6 31. Na6+ 1-0

[Event "Rubinstein Memorial op-C 57th"]
[Site "Polanica Zdroj"]
[Date "2021.08.20"]
[Round "7"]
[White "Sielicki, Tomasz"]
[Black "Gromada, Andrzej"]
[Result "1/2-1/2"]
[WhiteElo "1916"]
[BlackElo "1664"]
[PlyCount "94"]
[EventDate "2021.08.14"]
[EventType "swiss"]
[EventRounds "9"]
[EventCountry "POL"]
[SourceTitle "EXT 2023"]
[Source "ChessBase"]
[SourceDate "2022.10.05"]
[SourceVersion "1"]
[SourceVersionDate "2022.10.05"]
[SourceQuality "1"]

1. d4 e6 2. Nf3 Nf6 3. c4 Bb4+ 4. Nbd2 b6 5. a3 Bxd2+ 6. Bxd2 Bb7 7. g3 0-0 8. Bg2 d5 9. cxd5 Bxd5 10. 0-0 Nbd7 11. Re1 c5 12. Bc3 Ne4 13. Rc1 Rc8 14. Nd2 Nxc3 15. bxc3 Bxg2 16. Kxg2 Qc7 17. e4 Qb7 18. Nc4 Rcd8 19. Qf3 b5 20. Nd6 Qb6 21. e5 a6 22. Qe4 h6 23. f4 f5 24. Qe3 Rb8 25. Rb1 cxd4 26. Qxd4 Qxd4 27. cxd4 Nb6 28. Rec1 Nd5 29. Rc6 Rb6 30. Rbc1 Rxc6 31. Rxc6 Ra8 32. Nb7 a5 33. Rxe6 b4 34. axb4 axb4 35. Nc5 Ra2+ 36. Kg1 Rd2 37. Nb3 Rd3 38. Rd6 Ne3 39. Nc5 Rd2 40. e6 b3 41. Rd8+ Kh7 42. Nxb3 Rg2+ 43. Kh1 Rf2 44. h4 Rf1+ 45. Kh2 Rf2+ 46. Kg1 Rf1+ 47. Kh2 Rf2+ 1/2-1/2

[Event "Rubinstein Memorial op-C 57th"]
[Site "Polanica Zdroj"]
[Date "2021.08.19"]
[Round "6"]
[White "Drazek, Wladyslaw"]
[Black "Sielicki, Tomasz"]
[Result "1-0"]
[WhiteElo "1850"]
[BlackElo "1916"]
[PlyCount "79"]
[EventDate "2021.08.14"]
[EventType "swiss"]
[EventRounds "9"]
[EventCountry "POL"]
[SourceTitle "EXT 2023"]
[Source "ChessBase"]
[SourceDate "2022.10.05"]
[SourceVersion "1"]
[SourceVersionDate "2022.10.05"]
[SourceQuality "1"]

1. d4 d5 2. Nf3 c5 3. dxc5 e6 4. a3 Bxc5 5. b4 Bb6 6. Bb2 Nf6 7. e3 0-0 8. Bd3 Nc6 9. Nbd2 Qe7 10. b5 Na5 11. 0-0 Rd8 12. Qe2 Bd7 13. e4 Rac8 14. exd5 Nxd5 15. Qe5 f6 16. Qh5 g6 17. Qh6 Qg7 18. Qh4 e5 19. Rfc1 Nf4 20. Ne4 Rf8 21. Nd6 Nxd3 22. cxd3 Rxc1+ 23. Rxc1 Be6 24. d4 Nb3 25. Rd1 Qc7 26. dxe5 Qc2 27. Re1 Qxb2 28. Ne4 Bd8 29. exf6 Bxf6 30. Neg5 h5 31. Rxe6 Qc1+ 32. Re1 Qc3 33. Qe4 Bxg5 34. Nxg5 Qf6 35. Qe6+ Qxe6 36. Rxe6 Kg7 37. h4 Nd4 38. Re7+ Kf6 39. Rxb7 Nf5 40. Nh7+ 1-0

[Event "Rubinstein Memorial op-C 57th"]
[Site "Polanica Zdroj"]
[Date "2021.08.14"]
[Round "1"]
[White "Sielicki, Tomasz"]
[Black "Chmielewski, Miroslaw"]
[Result "1-0"]
[WhiteElo "1916"]
[BlackElo "1567"]
[PlyCount "73"]
[EventDate "2021.08.14"]
[EventType "swiss"]
[EventRounds "9"]
[EventCountry "POL"]
[SourceTitle "EXT 2023"]
[Source "ChessBase"]
[SourceDate "2022.10.05"]
[SourceVersion "1"]
[SourceVersionDate "2022.10.05"]
[SourceQuality "1"]

1. d4 b6 2. e4 Bb7 3. Nc3 Nf6 4. Bd3 e6 5. Bg5 h6 6. Bh4 g5 7. Bg3 Bb4 8. f3 Bxc3+ 9. bxc3 d5 10. exd5 Nxd5 11. Qd2 Nd7 12. c4 Ne7 13. h4 Nf5 14. Bxf5 exf5 15. hxg5 h5 16. 0-0-0 Kf8 17. Re1 Ba6 18. Nh3 Kg8 19. Qb4 c5 20. Qa4 Bb7 21. d5 a6 22. Re2 b5 23. Qb3 Nb6 24. cxb5 Bxd5 25. Qd3 Qf8 26. Qxf5 c4 27. Be5 Be6 28. Qf6 Rh7 29. Nf4 c3 30. Bxc3 Nc4 31. g6 Qa3+ 32. Bb2 Qxb2+ 33. Qxb2 Nxb2 34. gxh7+ Kxh7 35. Rxh5+ Kg7 36. Nxe6+ fxe6 37. Kxb2 1-0

[Event "Warsaw Najdorf Memorial op-A 17th"]
[Site "Warsaw"]
[Date "2019.07.12"]
[Round "7"]
[White "Niedbala, Bartlomiej"]
[Black "Sielicki, Tomasz"]
[Result "1-0"]
[WhiteElo "2152"]
[BlackElo "2036"]
[PlyCount "47"]
[EventDate "2019.07.06"]
[EventType "swiss"]
[EventRounds "9"]
[EventCountry "POL"]
[SourceTitle "EXT 2021"]
[Source "ChessBase"]
[SourceDate "2020.10.23"]
[SourceVersion "1"]
[SourceVersionDate "2020.10.23"]
[SourceQuality "1"]

1. e4 e5 2. Nf3 Nc6 3. Bb5 a6 4. Ba4 Nf6 5. Bxc6 dxc6 6. d3 Bd6 7. Nbd2 Bg4 8. h3 Bh5 9. Nf1 Nd7 10. Ng3 Bg6 11. 0-0 h5 12. Re1 h4 13. Nf5 Bxf5 14. exf5 Qf6 15. d4 Qxf5 16. dxe5 Bc5 17. Bg5 Kf8 18. e6 Nf6 19. Re5 Bxf2+ 20. Kxf2 Ne4+ 21. Rxe4 Qxe4 22. Be7+ Kxe7 23. Qd7+ Kf6 24. Qxf7# 1-0

[Event "Porto Mannu op 11th"]
[Site "Porto Mannu"]
[Date "2019.06.03"]
[Round "3"]
[White "Sielicki, Tomasz"]
[Black "Abdumalik, Zhansaya"]
[Result "0-1"]
[WhiteElo "2017"]
[BlackElo "2464"]
[PlyCount "88"]
[EventDate "2019.06.01"]
[EventType "swiss"]
[EventRounds "9"]
[EventCountry "ITA"]
[SourceTitle "CBM 190 Extra"]
[Source "ChessBase"]
[SourceDate "2019.07.15"]
[SourceVersion "1"]
[SourceVersionDate "2019.07.15"]
[SourceQuality "1"]

1. d4 c5 2. d5 e5 3. e4 d6 4. f4 exf4 5. Bxf4 Ne7 6. Nf3 Ng6 7. Bg3 h5 8. h3 Nd7 9. Nc3 a6 10. a4 h4 11. Bh2 Qb6 12. Qd2 Be7 13. a5 Qc7 14. Be2 0-0 15. 0-0 Bf6 16. Ng5 Nde5 17. Bh5 Nc4 18. Qc1 Bd4+ 19. Kh1 Be3 20. Ne6 Bxe6 21. Qe1 Bd7 22. Qe2 Bb5 23. b3 Nd2 24. Nxb5 axb5 25. Qxe3 Nxf1 26. Rxf1 Rxa5 27. Qg5 Qd8 28. Qf5 Ra6 29. Be2 Qe8 30. Bg1 Ra2 31. Bh5 Ne5 32. Bd1 Qe7 33. Be3 g6 34. Bg5 gxf5 35. Bxe7 fxe4 36. Bxd6 Re8 37. Bxc5 Rd8 38. d6 b6 39. Bxb6 Rxd6 40. Bc7 Re6 41. Kg1 e3 42. Re1 Ra1 43. Kf1 Nc6 44. Bb6 Rxd1 0-1